The Golden Thread of Information (Record no. 121904)
[ view plain ]
| 000 -LEADER | |
|---|---|
| fixed length control field | 01219nam a22002057a 4500 |
| 008 - FIXED-LENGTH DATA ELEMENTS--GENERAL INFORMATION | |
| fixed length control field | 240417t2024 xxk|||||s|||| 00| 0 eng d |
| 041 ## - LANGUAGE CODE | |
| Language code of text/sound track or separate title | eng |
| 110 ## - MAIN ENTRY--CORPORATE NAME | |
| Corporate author | Quickbase |
| 245 ## - TITLE STATEMENT | |
| Title | The Golden Thread of Information |
| Subtitle | How to Effectively Plan & Manage Building Safety |
| 260 ## - PUBLICATION INFORMATION | |
| Publisher | Quickbase, |
| Date | 2024 |
| 300 ## - PHYSICAL DESCRIPTION | |
| Physical description | 9p. |
| 520 ## - ABSTRACT | |
| Abstract | From design and construction to operations and management, The Golden Thread ensures all stakeholders have access to the same key safety information in order to mitigate future risks throughout a building’s lifecycle. This eBook from quickbase (available after filling out a form) explains why it’s more important than ever to have safety baked into the culture of a construction company and how a new dynamic approach to building management is cutting down on dangerous data fragmentation and helping construction companies reach their safety goals faster.<br/> |
| 650 ## - KEYWORDS | |
| Keywords | BUILDING SAFETY |
| 650 ## - KEYWORDS | |
| Keywords | BUILDING SAFETY ACT 2022 |
| 650 ## - KEYWORDS | |
| Keywords | GOLDEN THREAD OF INFORMATION |
| 650 ## - KEYWORDS | |
| Keywords | PLANNING |
| 651 ## - SUBJECT ADDED ENTRY--GEOGRAPHIC NAME | |
| Geographic name | United Kingdom |
| 856 ## - ONLINE RESOURCE | |
| Uniform Resource Identifier | <a href="https://www.quickbase.com/ebook-the-golden-thread-of-information">https://www.quickbase.com/ebook-the-golden-thread-of-information</a> |
| Public note | Available from quickbase after filling out a form |
| 942 ## - ADDED ENTRY ELEMENTS (KOHA) | |
| Suppress in OPAC | Do not suppress in OPAC |
| Lost status | Damaged status | Not for loan | Home library | Current library | Shelving location | Date acquired | Total Checkouts | Date last seen | Price effective from | Koha item type |
|---|---|---|---|---|---|---|---|---|---|---|
| Virtual | Virtual | Online | 17/04/2024 | 17/04/2024 | 17/04/2024 | Online material |